Państwa po jednym słowie - Statystyki

Ogólne statystyki
  • Ten quiz został rozwiązany 65 razy
  • Średni wynik to 24 z 29
Statystyki odpowiedzi
Wskazówka Odpowiedź % Poprawnych
Pierogi Polska
100%
Ryż Chiny
98%
Wieża Eiffla Francja
98%
Sushi Japonia
98%
Papież Watykan
98%
KrólowaElżbieta II Wielka Brytania
98%
Margherita(pizza) Włochy
98%
Kangury Australia
96%
NBA Stany Zjednoczone
96%
BMW / Audi Niemcy
96%
Piramidy Egipt
94%
Dubaj ZjednoczoneEmiraty Arabskie
94%
Kebab Turcja
94%
Piłka nożna Brazylia
92%
Flamenco Hiszpania
90%
Kapeluszesombrero Meksyk
88%
Ma stolicę Unii Europejskiej Belgia
86%
Bogowie Grecja
86%
Szejk Arabia saudyjska
84%
Krykiet Indie
75%
Dużo wysp Indonezja
75%
Łączy obie Ameryki Panama
75%
Państwo w innym państwie San marino
75%
Ma bardzo podobnąFlagę do Rumunii Czad
67%
Jedyne państwow Ameryce południowej z którym nie graniczy Brazylia Ekwador
61%
Najmłodsze państwo Sudan Południowy
53%
Małe państwodużo ludności Bangladesz
39%
Najstarszepaństwo Afryki Etiopia
39%
9 wielkościąna świecie Kazachstan
29%
Nie znaleziono quizów pasujących do podanych kryteriów
Rozkład punktacji
Procent ludzi z każdym wynikiem
Percentyl według liczby udzielonych odpowiedzi
Twoja historia wyników
Nie rozwiązałeś tego quizu